Gradovi SFRJ - Statistics

General Stats
  • This quiz has been taken 564 times
  • The average score is 14 of 15
Answer Stats
Grad Država % Correct
Zagreb Hrvatska
100%
Osijek Hrvatska
100%
Dubrovnik Hrvatska
100%
Novi Sad Srbija
99%
Užice Srbija
99%
Niš Srbija
99%
Ljubljana Slovenija
97%
Kopar Slovenija
97%
Banja Luka Bosna i Hercegovina
96%
Mostar Bosna i Hercegovina
96%
Cetinje Crna Gora
95%
Herceg Novi Crna Gora
95%
Priština Kosovo
89%
Prizren Kosovo
89%
Skopje Severna Makedonija
81%
No matching quizzes found
Score Distribution
Percent of People with Each Score
Percentile by Number Answered
Your Score History
You have not taken this quiz